| 000 | 00514nam a22001697a 4500 | ||
|---|---|---|---|
| 008 | 160715b xxu||||| |||| 00| 0 eng d | ||
| 020 | _a9711110652 | ||
| 082 |
_22000 _aDFil 346.07 _bF47 |
||
| 100 |
_911399 _aFeliciano, Julie D. |
||
| 245 |
_aObligations and contracts simplified/ _cJulie D. Feliciano |
||
| 260 |
_aQuezon City: _bJMC Press, Inc., _cc2000. |
||
| 300 |
_aiii, 311 pages: _c22.5 cm. |
||
| 500 | _ainclude appendices | ||
| 650 | 0 |
_911400 _aCommercial law |
|
| 365 |
_b160.00 _cPhp. |
||
| 942 |
_2ddc _cDFIL |
||
| 999 |
_c3416 _d3416 |
||